| Tag |
First Indicator |
Second Indicator |
Subfields |
| LEADER |
00000cam a2200000 a 4500 |
| 001 |
in00001740021 |
| 005 |
20160908170227.0 |
| 008 |
020909s2002 enk b 001 0 eng |
| 015 |
|
|
|a GBA2-W5287
|
| 020 |
|
|
|a 0091879272
|
| 029 |
0 |
|
|a UKM
|b bA2W5287
|
| 035 |
|
|
|a (OCoLC)ocm50101272
|
| 040 |
|
|
|a UKM
|c UKM
|d OCLCQ
|d TXA
|d UtOrBLW
|
| 049 |
|
|
|a TXAM
|
| 082 |
0 |
4 |
|a 576.839
|2 21
|
| 090 |
|
|
|a QB54
|b .C64 2002
|
| 100 |
1 |
|
|a Cohen, Jack,
|d 1933-
|
| 245 |
1 |
0 |
|a Evolving the alien /
|c Jack Cohen and Ian Stewart.
|
| 264 |
|
1 |
|a London :
|b Ebury,
|c 2002.
|
| 300 |
|
|
|a xiii, 369 pages ;
|c 24 cm.
|
| 336 |
|
|
|a text
|b txt
|2 rdacontent
|
| 337 |
|
|
|a unmediated
|b n
|2 rdamedia
|
| 338 |
|
|
|a volume
|b nc
|2 rdacarrier
|
| 500 |
|
|
|a The Cushing Library/Science Fiction copy is inscribed to Anne McCaffrey by the authors and was acquired as part of the personal Science Fiction/Fantasy library of Anne McCaffrey as donated by her son Todd McCaffrey.
|
| 504 |
|
|
|a Includes bibliographical references and index.
|
| 650 |
|
0 |
|a Life on other planets.
|
| 650 |
|
0 |
|a Exobiology.
|
| 700 |
1 |
|
|a Stewart, Ian,
|d 1945-
|
| 700 |
1 |
|
|a McCaffrey, Anne,
|e former owner.
|5 TXA
|
| 948 |
|
|
|a cataloged
|b h
|c 2003/9/22
|d c
|e rdavis
|f 7:22:07 am
|
| 994 |
|
|
|a E0
|b TXA
|
| 999 |
|
|
|a MARS
|
| 999 |
f |
f |
|s 47dce0b0-1a17-31c3-a754-74a15bc516d2
|i 4bf1e420-97f6-39e4-a06c-1f8573fcecab
|t 0
|
| 952 |
f |
f |
|p normal
|a Texas A&M University
|b College Station
|c Sterling C. Evans Library
|d Evans: Library Stacks
|t 0
|e QB54 .C64 2002
|h Library of Congress classification
|i unmediated -- volume
|m A14830513412
|
| 952 |
f |
f |
|p noncirc
|a Texas A&M University
|b College Station
|c Cushing Memorial Library & Archives
|d Cushing: Science Fiction (Does not check out)
|t 0
|e QB54 .C64 2002
|h Library of Congress classification
|i unmediated -- volume
|
| 998 |
f |
f |
|a QB54 .C64 2002
|t 0
|l Evans: Library Stacks
|
| 998 |
f |
f |
|a QB54 .C64 2002
|t 0
|l Cushing: Science Fiction (Does not check out)
|